Soil Engineering in Tn Theory and Practice Fandamentals and General Principles volume-1 (Record no. 60)
[ view plain ]
| 000 -LEADER | |
|---|---|
| fixed length control field | 00395nam a22001457a 4500 |
| 020 ## - INTERNATIONAL STANDARD BOOK NUMBER | |
| International Standard Book Number | 81-239-0276-x |
| 041 ## - LANGUAGE CODE | |
| Language code of text/sound track or separate title | ENG |
| 100 ## - MAIN ENTRY--PERSONAL NAME | |
| Personal name | Singh.A |
| 245 ## - TITLE STATEMENT | |
| Title | Soil Engineering in Tn Theory and Practice Fandamentals and General Principles volume-1 |
| 250 ## - EDITION STATEMENT | |
| Edition statement | Fourth Edition |
| 260 ## - PUBLICATION, DISTRIBUTION, ETC. (IMPRINT) | |
| Place of publication, distribution, etc | New Delhi |
| Name of publisher, distributor, etc | CBS Publishers & Distributors |
| Date of publication, distribution, etc | 2018 |
| 300 ## - PHYSICAL DESCRIPTION | |
| Extent | 973 |
| 650 ## - SUBJECT ADDED ENTRY--TOPICAL TERM | |
| Topical term or geographic name as entry element | Swce |
| 856 ## - ELECTRONIC LOCATION AND ACCESS | |
| Uniform Resource Identifier | Swce ( 24 ) |
| Withdrawn status | Lost status | Source of classification or shelving scheme | Damaged status | Not for loan | Home library | Current library | Shelving location | Date acquired | Cost, normal purchase price | Total Checkouts | Barcode | Date last seen | Date checked out | Price effective from | Koha item type |
|---|---|---|---|---|---|---|---|---|---|---|---|---|---|---|---|
| Dewey Decimal Classification | College of Agricultural Engineering and Technology, Dapoli , Library | College of Agricultural Engineering and Technology, Dapoli , Library | General Stacks | 19/10/2020 | 895.00 | 1 | 007469 | 21/04/2022 | 19/04/2022 | 19/10/2020 | Books | ||||
| Dewey Decimal Classification | College of Agricultural Engineering and Technology, Dapoli , Library | College of Agricultural Engineering and Technology, Dapoli , Library | Book Cart | 04/10/2021 | 250.00 | 001937 | 04/10/2021 | 04/10/2021 | Books | ||||||
| Dewey Decimal Classification | College of Agricultural Engineering and Technology, Dapoli , Library | College of Agricultural Engineering and Technology, Dapoli , Library | Book Cart | 07/09/2022 | 995.00 | 008110 | 07/09/2022 | 07/09/2022 | Books |